| 000 | 00853nam a2200217 i 4500 | ||
|---|---|---|---|
| 001 | bg | ||
| 100 | 1 | _aDYMSKI, Stanisław | |
| 245 | 1 | 0 |
_aKształtowanie struktury i właściwości mechanicznych żeliwa sferoidalnego podczas izotermicznej przemiany bainitycznej / _cStanisław Dymski. |
| 260 |
_aBydgoszcz : _bWydawnictwa Uczelniane AT-R, _c1999. |
||
| 300 |
_a176 s. : _bil. (w tym kolor.) ; _c24 cm. |
||
| 490 | 1 |
_aRozprawy / Akademia Techniczno-Rolnicza im. Jana i Jędrzeja Śniadeckich w Bydgoszczy, _x0209-0597 ; _vnr 95 |
|
| 500 | _aStreszcz. ang. | ||
| 504 | _aBibliogr. | ||
| 650 | 9 |
_aŻeliwo _xmetalurgia |
|
| 830 | 0 |
_aRozprawy (Akademia Techniczno-Rolnicza im. Jana i Jędrzeja Śniadeckich w Bydgoszczy) ; _vnr 95 |
|
| 040 | _cBPK | ||
| 041 | 0 |
_apl _ben |
|
| 080 | _a669.13 | ||
| 942 | _cKS | ||
| 008 | s pl f |000 0 pol | ||
| 999 |
_c38357 _d38357 |
||
| 856 |
_uhttp://koha.tu.koszalin.pl/cgi-bin/koha/opac-detail.pl?biblionumber=38357 _yKatalog online BPK |
||